00449pab a2200157 454500008004000000100002100040245007400061260000900135300001300144362000800157650002300165650002200188650003600210650002800246773001700274180718b1998 xxu||||| |||| 00| 0 eng d aBanerjee, Sikata aPolitical secularization and the future of secular democracy in India c1998 ap.907-27 aOct aSecularism - India aDemocracy - India aIndia - Politics and government aPolitics and government aAsian Survey